000 00916nam a2200289 a 4500
003 AR-BaBNM
005 20251128203523.0
008 082120s2002 ||||||||||||||000 | spa||
040 _cAR-BaBNM
100 1 _aFerrario, Martha E.
245 0 0 _aCasos teratológicos y de polimorfismo observados en diatomeas antárticas y otros ambientes continentales y marinos de Argentina
260 _aBuenos Aires
_bDirección Nacional del Antártico
_c1983
300 _a10 p.
_bil., mapas
490 0 _aInstituto Antártico Argentino
_vv. 290
504 _aBibliografía p. 8
650 4 _aREGIONES POLARES
650 4 _aZONAS CLIMATICAS
650 4 _aOCEANOGRAFIA
650 4 _aEXPEDICIONES CIENTIFICAS
650 4 _aEXPLORACION OCEANICA
650 4 _aINVESTIGACION CIENTIFICA
650 4 _aEXPLORACION DE RECURSOS
651 4 _aAntártida
700 1 _aFerreyra, Gustavo
942 _cBK
998 _cmariana
999 _c3766
_d3766